Siddhartha (Record no. 226306)
[ view plain ]
| 000 -LEADER | |
|---|---|
| fixed length control field | 00955nam a22002177a 4500 |
| 005 - DATE AND TIME OF LATEST TRANSACTION | |
| control field | 20260306102405.0 |
| 008 - FIXED-LENGTH DATA ELEMENTS--GENERAL INFORMATION | |
| fixed length control field | 230106b ||||| |||| 00| 0 eng d |
| 040 ## - CATALOGING SOURCE | |
| Transcribing agency | AL |
| 041 ## - LANGUAGE CODE | |
| Language code of text/sound track or separate title | eng |
| 082 ## - DEWEY DECIMAL CLASSIFICATION NUMBER | |
| Edition number | 23 |
| Classification number | 833.912 |
| Item number | HESS |
| 100 ## - MAIN ENTRY--PERSONAL NAME | |
| Personal name | Hermann Hesse |
| 100 ## - MAIN ENTRY--PERSONAL NAME | |
| 9 (RLIN) | 257959 |
| 245 ## - TITLE STATEMENT | |
| Title | Siddhartha |
| 260 ## - PUBLICATION, DISTRIBUTION, ETC. | |
| Place of publication, distribution, etc. | New York |
| Name of publisher, distributor, etc. | New Directions Publishing Corporation |
| Date of publication, distribution, etc. | 1951 |
| 300 ## - PHYSICAL DESCRIPTION | |
| Extent | 122p. |
| Other physical details | PB |
| Dimensions | 20x13cm. |
| 520 ## - SUMMARY, ETC. | |
| Summary, etc. | Siddhartha by Hermann Hesse is a philosophical novel following a young Brahmin, Siddhartha, on a quest for enlightenment in ancient India. He abandons10 his comfortable life to pursue asceticism, studies under the Buddha, indulges in worldly pleasures, and eventually finds true wisdom, peace, and spiritual unity by listening to a river and working as a ferryman |
| 650 ## - SUBJECT ADDED ENTRY--TOPICAL TERM | |
| Topical term or geographic name entry element | German Fiction Tr in English |
| 9 (RLIN) | 68765 |
| 650 ## - SUBJECT ADDED ENTRY--TOPICAL TERM | |
| Topical term or geographic name entry element | English Novel |
| 9 (RLIN) | 68766 |
| 650 ## - SUBJECT ADDED ENTRY--TOPICAL TERM | |
| Topical term or geographic name entry element | English Fiction |
| 9 (RLIN) | 68767 |
| 700 ## - ADDED ENTRY--PERSONAL NAME | |
| Personal name | Rosner, Hilda Tr |
| 9 (RLIN) | 68769 |
| 942 ## - ADDED ENTRY ELEMENTS (KOHA) | |
| Source of classification or shelving scheme | Dewey Decimal Classification |
| Koha item type | Donated Books |
| Withdrawn status | Lost status | Source of classification or shelving scheme | Damaged status | Not for loan | Collection code | Home library | Current library | Date acquired | Total Checkouts | Full call number | Barcode | Date last seen | Price effective from | Koha item type | Public note |
|---|---|---|---|---|---|---|---|---|---|---|---|---|---|---|---|
| Dewey Decimal Classification | English | St Aloysius Library | St Aloysius Library | 12/12/2014 | 833.912 HESS | D05608 | 01/06/2023 | 01/06/2023 | Donated Books | Donated by V. T. Rajshekar |